00450 a2200145 4500010001400000020001100014035001300025037001800038082001300056100002600069245005000095260003600145270009800181300002500279 aENG-85681 c175.00 aEN-69214 bD.B.Act / Pub14a307.12161 aWalia, Harinder Singh1 aPlanned urbanisationcby Harinder Singh Walia aChandigarhbUnistar Booksc2006 aS.C.O. 26-27, Sector 34 A,bChandigarhe160 022k0172-5077427, 5077428minfo@unistarbooks.com a119 p.c21 cm ( Hb.)